[Event "2.BLO 1718 Erfurter SK - SG AE Magdebur"]
[Site "?"]
[Date "2017.10.23"]
[Round "2.6"]
[White "Machelett, Heiko"]
[Black "Roseneck, Jonas"]
[Result "1/2-1/2"]
[WhiteElo "2394"]
[BlackElo "2178"]
[PlyCount "48"]
[EventDate "2017.??.??"]

1. d4 d5 2. c4 e6 3. Nf3 Nf6 4. g3 Bb4+ 5. Bd2 Bd6 6. Qc2 c6 7. Bg2 O-O 8. O-O
Nbd7 9. Rd1 Ne4 10. Bf4 Bxf4 11. gxf4 f5 12. e3 Ndf6 13. Ne5 Bd7 14. Qb3 Qc7
15. Nc3 Be8 16. Rac1 Qe7 17. Ne2 Rd8 18. Qa4 a6 19. c5 Nh5 20. Qb3 h6 21. Qb4
Kh7 22. Qe1 g5 23. f3 Nef6 24. Qd2 Rg8 1/2-1/2

[Event "2.BLO 1718 Erfurter SK - SG AE Magdebur"]
[Site "?"]
[Date "2017.10.23"]
[Round "2.7"]
[White "Biastoch, Bennet"]
[Black "Voekler, Bernd"]
[Result "0-1"]
[WhiteElo "2120"]
[BlackElo "2353"]
[PlyCount "66"]
[EventDate "2017.??.??"]

1. e4 c5 2. Nf3 d6 3. d4 cxd4 4. Nxd4 Nf6 5. Nc3 a6 6. Be3 e5 7. Nb3 Be7 8. f3
Be6 9. Qd2 O-O 10. O-O-O Nbd7 11. g4 Qc7 12. g5 Nh5 13. Nd5 Bxd5 14. exd5 g6
15. Kb1 Rfe8 16. Rg1 b5 17. Na5 Nb6 18. Rg4 Nxd5 19. Qxd5 Qxa5 20. c4 Rab8 21.
cxb5 axb5 22. a4 Ng7 23. Bxb5 Rec8 24. b4 Qd8 25. a5 Ne6 26. Ba6 Rc3 27. Bd2
Ra3 28. b5 Nc7 29. Qc6 Nxa6 30. Qxa6 Rb3+ 31. Ka2 R8xb5 32. Bc3 Qd7 33. Rc4 Qe6
0-1

[Event "2.BLO 1718 Erfurter SK - SG AE Magdebur"]
[Site "?"]
[Date "2017.10.23"]
[Round "2.8"]
[White "Steinacker, Alex"]
[Black "Lopez-Rojas, Jeffrey"]
[Result "1-0"]
[WhiteElo "2262"]
[BlackElo "2163"]
[PlyCount "73"]
[EventDate "2017.??.??"]

1. g3 c5 2. Bg2 Nc6 3. Nf3 Nf6 4. O-O d5 5. d3 e5 6. e4 Be7 7. Nc3 d4 8. Ne2
O-O 9. Nd2 Rb8 10. a4 a6 11. h3 Ne8 12. f4 f6 13. f5 Nd6 14. g4 b5 15. Ng3 c4
16. h4 Nb4 17. axb5 axb5 18. Nf3 Nf7 19. Rf2 Bd7 20. Bf1 Rc8 21. Rg2 cxd3 22.
Bxd3 Nd6 23. g5 Ra8 24. Bd2 Nc4 25. Bxc4+ bxc4 26. gxf6 Rxa1 27. Qxa1 gxf6 28.
Bh6 Nxc2 29. Rxc2 Rf7 30. Rg2 Kh8 31. Qa6 Qc8 32. Qa5 Be8 33. Qd5 Bc5 34. Nh5
d3+ 35. Kh2 Bf8 36. Bxf8 Rxf8 37. Nxf6 1-0

[Event "2.BLO 1718 SC NT Nürnberg - SK Weilhei"]
[Site "?"]
[Date "2017.10.23"]
[Round "2.1"]
[White "Luther, Thomas"]
[Black "Maximov, Dmitry"]
[Result "1/2-1/2"]
[WhiteElo "2526"]
[BlackElo "2468"]
[PlyCount "29"]
[EventDate "2017.??.??"]

1. e4 c5 2. Nf3 d6 3. d4 cxd4 4. Nxd4 Nf6 5. Nc3 Nc6 6. Bg5 e6 7. Qd2 a6 8.
O-O-O Bd7 9. f3 b5 10. Nxc6 Bxc6 11. Kb1 h6 12. Bf4 b4 13. Ne2 e5 14. Bg3 Be7
15. Qxb4 1/2-1/2

[Event "2.BLO 1718 SC NT Nürnberg - SK Weilhei"]
[Site "?"]
[Date "2017.10.23"]
[Round "2.2"]
[White "Milov, Leonid"]
[Black "Lehner, Oliver"]
[Result "0-1"]
[WhiteElo "2458"]
[BlackElo "2399"]
[PlyCount "77"]
[EventDate "2017.??.??"]

1. e4 e5 2. Nf3 Nc6 3. g3 g6 4. Bg2 Bg7 5. O-O Nge7 6. c3 O-O 7. d3 h6 8. b4 a6
9. Nbd2 d5 10. Bb2 Be6 11. Re1 dxe4 12. Nxe4 b6 13. Qc2 Qd7 14. a3 Rad8 15. Bf1
f5 16. Ned2 g5 17. c4 g4 18. Nxe5 Nxe5 19. Bxe5 Bxe5 20. Rxe5 Nc6 21. Re3 Nd4
22. Qb2 f4 23. gxf4 Rxf4 24. Ne4 Rdf8 25. Bg2 Qg7 26. Kh1 h5 27. Rg1 Bd7 28. f3
Nf5 29. Qxg7+ Kxg7 30. Ng3 Kh6 31. Ree1 h4 32. Ne2 Rf6 33. Nc1 Ng7 34. Re7 Rd6
35. Re3 Bf5 36. Bf1 Be6 37. Rxe6+ Nxe6 38. h3 Nd4 39. Bg2 0-1

[Event "2.BLO 1718 SC NT Nürnberg - SK Weilhei"]
[Site "?"]
[Date "2017.10.23"]
[Round "2.3"]
[White "Bayer, Bernhard"]
[Black "Yelisieiev, Yevhenii"]
[Result "1-0"]
[WhiteElo "2411"]
[BlackElo "2401"]
[PlyCount "107"]
[EventDate "2017.??.??"]

1. Nf3 Nf6 2. c4 d6 3. Nc3 e5 4. d4 Nbd7 5. Bg5 Be7 6. e3 c6 7. Qc2 h6 8. Bh4
Nh5 9. Bxe7 Qxe7 10. O-O-O Nhf6 11. Kb1 O-O 12. h3 a6 13. g4 b5 14. g5 hxg5 15.
Nxg5 Bb7 16. Rg1 bxc4 17. Bxc4 d5 18. Bb3 e4 19. f3 exf3 20. Nxf3 Ne4 21. Nxe4
Qxe4 22. Qxe4 dxe4 23. Ng5 Rae8 24. Rdf1 Re7 25. Rf4 c5 26. d5 Re5 27. Rxe4
Rfe8 28. Rxe5 Rxe5 29. e4 Nf6 30. Bc2 Bc8 31. Kc1 Ne8 32. h4 f6 33. Nf3 Re7 34.
Re1 Bg4 35. Nd2 Nd6 36. Nb3 c4 37. Nd4 Re5 38. Rg1 Bd7 39. Nf3 Re7 40. Re1 Bg4
41. Nd4 Re5 42. Nc6 Rh5 43. e5 fxe5 44. Bg6 Rxh4 45. Rf1 Bf5 46. Bxf5 g5 47.
Be6+ Kg7 48. Nxe5 Re4 49. Nf7 Nb5 50. Nxg5 Re2 51. Bg4 Rg2 52. Ne6+ Kh7 53.
Bf5+ Kg8 54. Be4 1-0

[Event "2.BLO 1718 SC NT Nürnberg - SK Weilhei"]
[Site "?"]
[Date "2017.10.23"]
[Round "2.4"]
[White "Mischustov, Michael"]
[Black "Guttenthaler, Franz"]
[Result "1-0"]
[WhiteElo "2331"]
[BlackElo "2332"]
[PlyCount "91"]
[EventDate "2017.??.??"]

1. e4 e6 2. d4 d5 3. e5 c5 4. c3 Nc6 5. Nf3 Nge7 6. Bd3 cxd4 7. cxd4 Nf5 8.
Bxf5 exf5 9. O-O Be6 10. Nc3 Be7 11. Be3 g5 12. Qd3 f4 13. Bd2 Qd7 14. Rfd1 Rc8
15. Rac1 O-O 16. Ne2 h6 17. Qb3 Rc7 18. Ne1 Rfc8 19. Nd3 b6 20. a4 Bf5 21. Ne1
Kg7 22. g3 fxg3 23. hxg3 f6 24. Ng2 Qe6 25. Ne3 Be4 26. g4 fxe5 27. dxe5 Nxe5
28. Nd4 Qf7 29. Nef5+ Kh7 30. Rxc7 Rxc7 31. Qh3 Qg6 32. Bc3 Bc5 33. Qg3 Bxd4
34. Nxd4 Re7 35. f3 Bd3 36. Re1 Qe8 37. Bb4 Nxf3+ 38. Nxf3 Re4 39. Qc7+ Kg8 40.
Rxe4 Qxe4 41. Qb8+ Kg7 42. Qxa7+ Kg8 43. Qb8+ Kh7 44. Qc7+ Kg8 45. Qc8+ Kh7 46.
Bc3 1-0

[Event "2.BLO 1718 SC NT Nürnberg - SK Weilhei"]
[Site "?"]
[Date "2017.10.23"]
[Round "2.5"]
[White "Deglmann, Ludwig"]
[Black "Wagner, Florian"]
[Result "1/2-1/2"]
[WhiteElo "2294"]
[BlackElo "2209"]
[PlyCount "37"]
[EventDate "2017.??.??"]

1. c4 c5 2. g3 d5 3. cxd5 Qxd5 4. Nf3 b6 5. Nc3 Qd8 6. Bg2 Bb7 7. O-O Nf6 8. d4
cxd4 9. Nxd4 Bxg2 10. Kxg2 e6 11. Bf4 a6 12. Rc1 Be7 13. e4 O-O 14. f3 Nfd7 15.
Nb3 Nc6 16. Rf2 Nde5 17. Rd2 Qe8 18. Bxe5 Nxe5 19. Qe2 1/2-1/2

[Event "2.BLO 1718 SC NT Nürnberg - SK Weilhei"]
[Site "?"]
[Date "2017.10.23"]
[Round "2.6"]
[White "Martin, Thomas"]
[Black "Pierecker, Markus"]
[Result "1-0"]
[WhiteElo "2281"]
[BlackElo "2180"]
[PlyCount "43"]
[EventDate "2017.??.??"]

1. Nf3 Nf6 2. g3 d5 3. Bg2 c6 4. O-O Bg4 5. d4 e6 6. b3 Be7 7. Nbd2 Nbd7 8. Bb2
O-O 9. c4 a5 10. a3 h6 11. Re1 Bf5 12. Ne5 Nxe5 13. dxe5 Nd7 14. e4 dxe4 15.
Nxe4 Nc5 16. Nd6 Bxd6 17. exd6 Nd3 18. Re2 Qxd6 19. Be4 Rfd8 20. Bxf5 exf5 21.
Bc3 Nc5 22. Re8+ 1-0

[Event "2.BLO 1718 SC NT Nürnberg - SK Weilhei"]
[Site "?"]
[Date "2017.10.23"]
[Round "2.7"]
[White "de Francesco, Klaus"]
[Black "Heimrath, Reiner"]
[Result "1-0"]
[WhiteElo "2256"]
[BlackElo "2260"]
[PlyCount "115"]
[EventDate "2017.??.??"]

1. d4 Nf6 2. c4 g6 3. Nc3 Bg7 4. e4 d6 5. f4 c5 6. d5 O-O 7. Nf3 e6 8. Be2 exd5
9. cxd5 Re8 10. e5 Ng4 11. h3 Nh6 12. O-O Nd7 13. e6 Nf8 14. Ng5 fxe6 15. dxe6
Nxe6 16. Bb5 Bd4+ 17. Kh2 Re7 18. Nd5 Rg7 19. Re1 a6 20. Ba4 b5 21. Bb3 Nxg5
22. Nf6+ Kf8 23. Re8+ Qxe8 24. Nxe8 Kxe8 25. fxg5 Be5+ 26. Kh1 Nf5 27. Qf3 Bb7
28. Bd5 Ng3+ 29. Kg1 Bxd5 30. Qxd5 Bd4+ 31. Be3 Bxe3+ 32. Kh2 Rd8 33. Kxg3 Re7
34. Rf1 Bd4 35. Qc6+ Rdd7 36. Qc8+ Rd8 37. Qxa6 Be5+ 38. Kg4 b4 39. b3 Rf7 40.
Rf3 Kf8 41. Qb7 Rxf3 42. gxf3 Kg8 43. f4 Bd4 44. Qe7 Ra8 45. Qe6+ Kg7 46. h4
Rxa2 47. h5 Ra8 48. Qe7+ Kg8 49. hxg6 hxg6 50. f5 gxf5+ 51. Kxf5 d5 52. Qe6+
Kh8 53. Qxd5 Rf8+ 54. Kg6 Rg8+ 55. Kf7 Rg7+ 56. Kf8 Kh7 57. Qf5+ Kh8 58. Qe6
1-0

[Event "2.BLO 1718 SC NT Nürnberg - SK Weilhei"]
[Site "?"]
[Date "2017.10.23"]
[Round "2.8"]
[White "Epding, Olaf"]
[Black "Lochte, Thomas"]
[Result "1/2-1/2"]
[WhiteElo "2255"]
[BlackElo "2139"]
[PlyCount "42"]
[EventDate "2017.??.??"]

1. d4 Nf6 2. Nc3 d5 3. Bf4 e6 4. Nb5 Na6 5. e3 c6 6. Nc3 Qa5 7. a3 Ne4 8. Nge2
c5 9. f3 Nxc3 10. Nxc3 Bd7 11. dxc5 Qxc5 12. Bxa6 bxa6 13. Qd4 f6 14. O-O-O
Qxd4 15. exd4 Rc8 16. Rd3 Kf7 17. Rhd1 Rc4 18. Ne2 Be7 19. Rc3 Rxc3 20. Nxc3
Rc8 21. Rd3 g5 1/2-1/2

[Event "2.BLO 1718 SC Garching - BCA Augsburg"]
[Site "?"]
[Date "2017.10.23"]
[Round "2.1"]
[White "Rozentalis, Eduardas"]
[Black "Stocek, Jiri"]
[Result "1-0"]
[WhiteElo "2508"]
[BlackElo "2581"]
[PlyCount "91"]
[EventDate "2017.??.??"]

1. e4 c5 2. Nf3 e6 3. c3 d5 4. exd5 exd5 5. d4 a6 6. g3 Nc6 7. Bg2 Bg4 8. O-O
cxd4 9. Qb3 Bc5 10. Nxd4 Nge7 11. Be3 Bxd4 12. cxd4 O-O 13. Nc3 Na5 14. Qc2 Rc8
15. Rfe1 h6 16. b3 b5 17. Qd2 Nac6 18. Rac1 Qd7 19. Ne2 Bh3 20. Bh1 Bf5 21. Nf4
Be4 22. f3 Bh7 23. Bg2 Nf5 24. Bf2 Rfe8 25. Rxe8+ Rxe8 26. Nd3 Qd6 27. Nc5 Qf6
28. Rd1 h5 29. Qf4 Rc8 30. h4 Nb4 31. g4 Qh6 32. Qd2 Qxd2 33. Rxd2 Ne7 34. gxh5
a5 35. Bf1 Rb8 36. Bg3 Ra8 37. Bxb5 Nf5 38. Bf2 Nd6 39. Ba4 Bb1 40. a3 Nc2 41.
Bc6 Ra7 42. Bxd5 Nxa3 43. Be4 a4 44. bxa4 f5 45. Bd5+ Kh7 46. Rb2 1-0

[Event "2.BLO 1718 SC Garching - BCA Augsburg"]
[Site "?"]
[Date "2017.10.23"]
[Round "2.2"]
[White "Krivoborodov, Egor"]
[Black "Prusikin, Michael"]
[Result "1/2-1/2"]
[WhiteElo "2542"]
[BlackElo "2526"]
[PlyCount "32"]
[EventDate "2017.??.??"]

1. Nf3 d5 2. g3 Nd7 3. d4 Ngf6 4. Bg2 b5 5. O-O e6 6. b3 Bb7 7. c4 bxc4 8. bxc4
dxc4 9. Na3 c5 10. Nxc4 cxd4 11. Qxd4 Nb6 12. Qxd8+ Rxd8 13. Na5 Bd5 14. Ne5
Bxg2 15. Kxg2 Rd5 16. Nec6 Bb4 1/2-1/2

[Event "2.BLO 1718 SC Garching - BCA Augsburg"]
[Site "?"]
[Date "2017.10.23"]
[Round "2.3"]
[White "Arnaudov, G. Petar"]
[Black "Renner, Christoph"]
[Result "1/2-1/2"]
[WhiteElo "2441"]
[BlackElo "2333"]
[PlyCount "105"]
[EventDate "2017.??.??"]

1. Nf3 d6 2. d4 f5 3. g3 g6 4. Bg2 Bg7 5. O-O Nf6 6. Nbd2 O-O 7. Re1 Nc6 8. e4
fxe4 9. Nxe4 Nxe4 10. Rxe4 Bf5 11. Re1 e5 12. dxe5 dxe5 13. Qxd8 Raxd8 14. c3
e4 15. Ng5 Ne5 16. Nxe4 Nd3 17. Rd1 h6 18. f3 g5 19. Nf2 Rfe8 20. Bf1 Ne1 21.
Bc4+ Kh8 22. Rxd8 Rxd8 23. Be3 Nxf3+ 24. Kg2 Ne5 25. Bb3 b6 26. Rd1 Rxd1 27.
Bxd1 Kg8 28. h4 gxh4 29. gxh4 Be6 30. b3 Ng6 31. h5 Nh4+ 32. Kg1 Bxc3 33. Bxh6
Bd4 34. Kf1 c5 35. Be2 Nf5 36. Bf4 Ne3+ 37. Bxe3 Bxe3 38. Bc4 Kf7 39. Ng4 Bd4
40. Ke2 b5 41. Bxe6+ Kxe6 42. Kd3 Kf5 43. Nh2 Bg7 44. Nf1 Kg4 45. Ke4 Kxh5 46.
Kd5 c4 47. bxc4 bxc4 48. Kxc4 Kg5 49. a4 Kf4 50. Nd2 Ke5 51. Kc5 Ke6 52. Kc6
Bc3 53. Nc4 1/2-1/2

[Event "2.BLO 1718 SC Garching - BCA Augsburg"]
[Site "?"]
[Date "2017.10.23"]
[Round "2.5"]
[White "Stankovic, Milos"]
[Black "Bredl, Harald"]
[Result "1/2-1/2"]
[WhiteElo "2399"]
[BlackElo "2324"]
[PlyCount "35"]
[EventDate "2017.??.??"]

1. e4 e5 2. Nf3 Nc6 3. Bb5 Nge7 4. Nc3 Ng6 5. O-O Bc5 6. d3 Nd4 7. Bc4 d6 8.
Ng5 Ne6 9. Nxe6 Bxe6 10. Bxe6 fxe6 11. Na4 Bb6 12. Nxb6 axb6 13. d4 O-O 14.
dxe5 Nxe5 15. Qe2 Qf6 16. f3 Nc6 17. c3 e5 18. Be3 1/2-1/2

[Event "2.BLO 1718 SC Garching - BCA Augsburg"]
[Site "?"]
[Date "2017.10.23"]
[Round "2.6"]
[White "Koepke, Christian"]
[Black "Schmittdiel, Eckhard"]
[Result "1-0"]
[WhiteElo "2290"]
[BlackElo "2458"]
[PlyCount "65"]
[EventDate "2017.??.??"]

1. e4 c5 2. Nf3 e6 3. d4 cxd4 4. Nxd4 Nf6 5. Nc3 Nc6 6. Ndb5 d6 7. Bf4 e5 8.
Bg5 a6 9. Na3 b5 10. Bxf6 gxf6 11. Nd5 Bg7 12. Bd3 Ne7 13. Nxe7 Qxe7 14. O-O f5
15. c4 O-O 16. Qh5 bxc4 17. Nxc4 d5 18. exd5 e4 19. Be2 Rb8 20. Rad1 Qc5 21. b3
a5 22. Ne3 f4 23. Nf5 Qc3 24. Qg5 Bxf5 25. Qxf5 Qc2 26. Bf3 Rfe8 27. Rc1 Qxa2
28. Bxe4 Qxb3 29. Rc7 Qb2 30. Qxf7+ Kh8 31. Qf5 Kg8 32. Qxh7+ Kf8 33. d6 1-0

[Event "2.BLO 1718 SC Garching - BCA Augsburg"]
[Site "?"]
[Date "2017.10.23"]
[Round "2.7"]
[White "Kukov, Velislav"]
[Black "Levushkina, Elena"]
[Result "1-0"]
[WhiteElo "2378"]
[BlackElo "2309"]
[PlyCount "105"]
[EventDate "2017.??.??"]

1. d4 d5 2. Nf3 Nf6 3. e3 Bg4 4. Bd3 e6 5. O-O Nbd7 6. h3 Bh5 7. b3 Bd6 8. Bb2
Ne4 9. Be2 O-O 10. Nbd2 f5 11. Ne5 Bxe2 12. Qxe2 c6 13. Nxe4 fxe4 14. f4 exf3
15. Nxf3 Nf6 16. Nd2 Bc7 17. g4 Qd6 18. Qg2 h6 19. a4 Rfe8 20. Rf2 Ba5 21. Ba3
Qd8 22. b4 Bc7 23. Raf1 Nh7 24. b5 Bd6 25. Bxd6 Qxd6 26. Nf3 Rf8 27. Ne5 Rf6
28. h4 Raf8 29. bxc6 bxc6 30. Rxf6 gxf6 31. Nd3 Rf7 32. Qh2 Qxh2+ 33. Kxh2 Rb7
34. Kg3 Kf7 35. Ne5+ Ke7 36. Nxc6+ Kd6 37. Na5 Rb2 38. Rc1 Rb4 39. c4 Rxa4 40.
Nb7+ Kc6 41. Nc5 Ra3 42. Kf3 e5 43. cxd5+ Kxd5 44. dxe5 Kxe5 45. Ne4 Ra5 46.
Rc8 h5 47. Re8+ Kd5 48. g5 fxg5 49. hxg5 Kc6 50. Kf4 Kd7 51. g6 Ng5 52. g7 Nxe4
53. Rxe4 1-0

[Event "2.BLO 1718 SC Garching - BCA Augsburg"]
[Site "?"]
[Date "2017.10.23"]
[Round "2.8"]
[White "Hess, Max"]
[Black "Lipok, Christoph"]
[Result "1/2-1/2"]
[WhiteElo "2271"]
[BlackElo "2251"]
[PlyCount "103"]
[EventDate "2017.??.??"]

1. e4 e6 2. Qe2 Be7 3. Nf3 d5 4. d3 Nf6 5. g3 O-O 6. Bg2 c5 7. O-O Nc6 8. e5
Nd7 9. c4 dxc4 10. dxc4 Qc7 11. Re1 Nd4 12. Nxd4 cxd4 13. b3 Rd8 14. Bb2 Bb4
15. Nd2 Nxe5 16. Qxe5 Qxe5 17. Rxe5 Bxd2 18. Rd1 f6 19. Re4 Ba5 20. Rexd4 Rxd4
21. Bxd4 Kf7 22. c5 a6 23. a3 e5 24. Be3 Bg4 25. Bd5+ Ke7 26. f3 Be6 27. Bxb7
Bxb3 28. Rb1 Ba2 29. Rc1 Rb8 30. c6 Bc7 31. Bc5+ Ke6 32. Bxa6 Bd5 33. Bc4 Bxc4
34. Rxc4 Kd5 35. Rc2 Rc8 36. Kf1 Ba5 37. Be3 Rxc6 38. Rxc6 Kxc6 39. Ke2 Kb5 40.
Kd3 f5 41. Bc1 Bc7 42. Bb2 g6 43. Ba1 h5 44. h3 Kc5 45. g4 hxg4 46. hxg4 Kb5
47. Bc3 Bd6 48. a4+ Kxa4 49. Kc4 e4 50. fxe4 fxg4 51. e5 Bxe5 52. Bxe5 1/2-1/2

[Event "2BLO 1718 Nickelhütte Aue - SK Weilhei"]
[Site "?"]
[Date "2017.11.11"]
[Round "3.1"]
[White "Luther, Thomas"]
[Black "Papp, Gabor"]
[Result "1/2-1/2"]
[WhiteElo "2526"]
[BlackElo "2598"]
[PlyCount "42"]
[EventDate "2017.??.??"]

1. e4 c5 2. Nf3 d6 3. Bb5+ Nd7 4. O-O Ngf6 5. Re1 a6 6. Bf1 b5 7. c4 bxc4 8.
Bxc4 e6 9. d4 cxd4 10. Nxd4 Qc7 11. Bb3 Nc5 12. Bc2 Be7 13. b4 Ncd7 14. Bb2 Bb7
15. Nd2 Rc8 16. Rc1 Qb6 17. a3 O-O 18. N4b3 Ba8 19. Qe2 Ne5 20. Bb1 Nfd7 21.
Nc4 Nxc4 1/2-1/2

[Event "2BLO 1718 Nickelhütte Aue - SK Weilhei"]
[Site "?"]
[Date "2017.11.11"]
[Round "3.2"]
[White "Antal, Gergely"]
[Black "Lehner, Oliver"]
[Result "1-0"]
[WhiteElo "2529"]
[BlackElo "2399"]
[PlyCount "74"]
[EventDate "2017.??.??"]

1. c4 g6 2. g3 Bg7 3. Bg2 c5 4. Nc3 Nc6 5. a3 d6 6. Rb1 a5 7. d3 e5 8. e4 Nge7
9. Nge2 O-O 10. O-O Bg4 11. h3 Bd7 12. Kh2 Nd4 13. b4 b6 14. bxc5 Nxe2 15. Qxe2
bxc5 16. Bg5 h6 17. Bxe7 Qxe7 18. Rb6 Be6 19. Rfb1 Ra7 20. Qb2 h5 21. Rb7 Rxb7
22. Qxb7 Qf6 23. Rb2 Bh6 24. Qb6 Bc1 25. Ra2 Qd8 26. Qxd8 Rxd8 27. Ne2 Bh6 28.
Rb2 Bd7 29. h4 Bg4 30. f3 Bd7 31. Bh3 Be8 32. Kg2 Kf8 33. Kf2 Ra8 34. Rb6 Rd8
35. Ke1 Be3 36. Nc3 a4 37. Rb1 Ke7 1-0

[Event "2BLO 1718 Nickelhütte Aue - SK Weilhei"]
[Site "?"]
[Date "2017.11.11"]
[Round "3.3"]
[White "Bayer, Bernhard"]
[Black "Meijers, Viesturs"]
[Result "1-0"]
[WhiteElo "2411"]
[BlackElo "2472"]
[PlyCount "117"]
[EventDate "2017.??.??"]

1. e4 c5 2. Nf3 e6 3. c3 d5 4. exd5 Qxd5 5. d4 Nf6 6. Be2 Nc6 7. O-O a6 8. Be3
cxd4 9. Nxd4 e5 10. c4 Qd6 11. Nb3 Qxd1 12. Rxd1 Nb4 13. Na3 Bg4 14. f3 Bd7 15.
Rd2 O-O-O 16. Bb6 Re8 17. Nb1 g6 18. a3 Nc6 19. Nc3 Bh6 20. Rd6 Be6 21. Rdd1
Nd7 22. Bf2 f5 23. Nd5 Rd8 24. Kf1 Kb8 25. Nc5 Nxc5 26. Bxc5 Bg7 27. Rdb1 Nd4
28. Bxd4 exd4 29. Nf4 Bf7 30. Bd3 Rhe8 31. Re1 Be5 32. g3 a5 33. Kf2 Kc7 34.
Nd5+ Kd6 35. b4 a4 36. Nb6 Kc7 37. c5 Bf6 38. Rxe8 Rxe8 39. Re1 Re3 40. Rxe3
dxe3+ 41. Kxe3 Bb2 42. Bc4 Be8 43. b5 Bxa3 44. Nxa4 Kd7 45. Kd4 Ke7 46. Kc3 f4
47. Kb3 fxg3 48. hxg3 Bc1 49. Nc3 Kd8 50. Bd5 Kc8 51. Ne4 Kb8 52. Kc4 g5 53.
Nd6 Bg6 54. Bxb7 h5 55. b6 Ba3 56. Bd5 h4 57. gxh4 gxh4 58. Nb5 h3 59. c6 1-0

[Event "2BLO 1718 Nickelhütte Aue - SK Weilhei"]
[Site "?"]
[Date "2017.11.11"]
[Round "3.4"]
[White "Slobodjan, Roman"]
[Black "Guttenthaler, Franz"]
[Result "1-0"]
[WhiteElo "2460"]
[BlackElo "2332"]
[PlyCount "75"]
[EventDate "2017.??.??"]

1. e4 e6 2. d4 d5 3. Nd2 Be7 4. e5 c5 5. Qg4 Kf8 6. dxc5 Nc6 7. Qg3 Bxc5 8. Nb3
Bb6 9. Bd3 Nge7 10. Nf3 Nb4 11. Nfd4 Nec6 12. Be3 Bd7 13. O-O Nxd4 14. Bxd4 Rc8
15. c3 Nc6 16. Be3 Qc7 17. f4 Bxe3+ 18. Qxe3 g6 19. Rf2 Kg7 20. Re1 h5 21. h4
a5 22. Nd2 Ne7 23. Qg3 Qd8 24. Nf3 Nc6 25. Ng5 Ne7 26. f5 Nxf5 27. Bxf5 exf5
28. e6 Re8 29. Nxf7 Qc7 30. Nd6 Kh7 31. Rfe2 Bc6 32. Qe5 Rcd8 33. Nxe8 Qxe5 34.
Rxe5 Rxe8 35. e7 Kg7 36. Kf2 Kf7 37. g3 a4 38. R1e3 1-0

[Event "2BLO 1718 Nickelhütte Aue - SK Weilhei"]
[Site "?"]
[Date "2017.11.11"]
[Round "3.5"]
[White "Deglmann, Ludwig"]
[Black "Spiess, Gunter"]
[Result "1/2-1/2"]
[WhiteElo "2294"]
[BlackElo "2435"]
[PlyCount "40"]
[EventDate "2017.??.??"]

1. c4 c6 2. Nf3 d5 3. e3 Nf6 4. Nc3 e6 5. Qc2 c5 6. cxd5 exd5 7. Bb5+ Bd7 8.
Bxd7+ Qxd7 9. Ne5 Qc8 10. Qb3 Nbd7 11. f4 c4 12. Qd1 Bb4 13. Nb5 O-O 14. Nf3
Nc5 15. O-O Nd3 16. b3 a6 17. Nbd4 Re8 18. Qc2 Bd6 19. Bb2 Nxb2 20. Qxb2 c3
1/2-1/2

[Event "2BLO 1718 Nickelhütte Aue - SK Weilhei"]
[Site "?"]
[Date "2017.11.11"]
[Round "3.6"]
[White "Langrock, Hannes"]
[Black "Pierecker, Markus"]
[Result "1/2-1/2"]
[WhiteElo "2385"]
[BlackElo "2180"]
[PlyCount "33"]
[EventDate "2017.??.??"]

1. d4 d5 2. Bf4 Nf6 3. e3 e6 4. Bd3 c5 5. c3 Nc6 6. Nf3 Bd6 7. Bg3 O-O 8. Nbd2
b6 9. Ne5 Bb7 10. O-O Qc7 11. f4 Ne7 12. Qb1 g6 13. Bh4 Ne8 14. Rf3 f6 15. Ng4
Nf5 16. Be1 Neg7 17. Rh3 1/2-1/2

[Event "2BLO 1718 Nickelhütte Aue - SK Weilhei"]
[Site "?"]
[Date "2017.11.11"]
[Round "3.7"]
[White "Lochte, Thomas"]
[Black "Eichner, Sebastian"]
[Result "0-1"]
[WhiteElo "2139"]
[BlackElo "2364"]
[PlyCount "60"]
[EventDate "2017.??.??"]

1. e4 e6 2. d4 d5 3. Nd2 Nf6 4. e5 Nfd7 5. Bd3 c5 6. c3 Nc6 7. Ne2 cxd4 8. cxd4
f6 9. Nf4 Nxd4 10. Qh5+ Ke7 11. Ng6+ hxg6 12. exf6+ gxf6 13. Qxh8 Ne5 14. Bxg6
Nxg6 15. Qh7+ Kd6 16. Qxg6 e5 17. f4 Bf5 18. fxe5+ Kc6 19. Qh5 Nc2+ 20. Ke2 Qb6
21. Nb3 Qb5+ 22. Kf2 Bc5+ 23. Nxc5 Qxc5+ 24. Ke2 Qc4+ 25. Kf2 Qd4+ 26. Kf3 Be4+
27. Ke2 Bd3+ 28. Kf3 Rg8 29. Qh3 Qe4+ 30. Kf2 Qe2+ 0-1

[Event "2BLO 1718 Nickelhütte Aue - SK Weilhei"]
[Site "?"]
[Date "2017.11.11"]
[Round "3.8"]
[White "Wichmann, Cliff"]
[Black "Tafertshofer, Matthias"]
[Result "1-0"]
[WhiteElo "2301"]
[BlackElo "2045"]
[PlyCount "45"]
[EventDate "2017.??.??"]

1. d4 Nf6 2. Nf3 e6 3. g3 c5 4. Bg2 d5 5. O-O Be7 6. c4 Nc6 7. cxd5 Nxd5 8. Nc3
Nxc3 9. bxc3 O-O 10. Rb1 Qa5 11. Qc2 h6 12. Rd1 Rd8 13. Be3 Rb8 14. Bf4 Bd6 15.
Bxd6 Rxd6 16. Nd2 cxd4 17. Nc4 Qc7 18. Nxd6 Qxd6 19. cxd4 Bd7 20. d5 exd5 21.
Rxd5 Qe7 22. Rxd7 Qxd7 23. Bxc6 1-0

[Event "2BLO 1718 Bindlach-Aktionär - BCA Augs"]
[Site "?"]
[Date "2017.11.11"]
[Round "3.1"]
[White "Rozentalis, Eduardas"]
[Black "Petr, Martin"]
[Result "1-0"]
[WhiteElo "2508"]
[BlackElo "2489"]
[PlyCount "105"]
[EventDate "2017.??.??"]

1. e4 c5 2. Nf3 e6 3. c3 Nf6 4. e5 Nd5 5. g3 d6 6. Bg2 Nc6 7. exd6 Bxd6 8. O-O
O-O 9. d4 a6 10. Bg5 Nf6 11. dxc5 Bxc5 12. Nbd2 h6 13. Bxf6 Qxf6 14. Ne4 Qe7
15. Nh4 Ba7 16. Kh1 Rd8 17. Qe2 Bd7 18. f4 f5 19. Nd2 g5 20. Ng6 Qg7 21. Ne5
Nxe5 22. fxe5 g4 23. Nc4 Bb5 24. a4 Bxc4 25. Qxc4 Qf7 26. Rad1 Rxd1 27. Rxd1
Re8 28. a5 Bb8 29. Qd4 Kg7 30. b4 Qc7 31. c4 Re7 32. Qd6 Kf7 33. c5 Qc8 34. Qd4
Qh8 35. Re1 h5 36. h4 gxh3 37. Bxh3 Ke8 38. Bg2 h4 39. g4 h3 40. Bf3 Qh4 41.
Rf1 Rf7 42. Qc4 Ke7 43. c6 Bxe5 44. c7 Qg3 45. Qc5+ Kf6 46. Qxe5+ Qxe5 47. c8=Q
Kg7 48. gxf5 Rxf5 49. Rg1+ Kh6 50. Qc1+ Kh7 51. Qf1 Rf6 52. Qd3+ Kh6 53. Be4
1-0

[Event "2BLO 1718 Bindlach-Aktionär - BCA Augs"]
[Site "?"]
[Date "2017.11.11"]
[Round "3.2"]
[White "Kriebel, Tadeas"]
[Black "Kulaots, Kaido"]
[Result "0-1"]
[WhiteElo "2501"]
[BlackElo "2573"]
[PlyCount "102"]
[EventDate "2017.??.??"]

1. c4 Nf6 2. g3 g6 3. Bg2 Bg7 4. Nc3 O-O 5. e4 e5 6. Nge2 d6 7. O-O Nc6 8. d3
Nd7 9. f4 f5 10. fxe5 dxe5 11. exf5 gxf5 12. Nd5 Nc5 13. b4 Ne6 14. b5 Ncd4 15.
Nxd4 Nxd4 16. Bb2 a6 17. Bxd4 exd4 18. Re1 axb5 19. cxb5 Kh8 20. a4 c6 21. bxc6
bxc6 22. Ne7 Bd7 23. Nxc6 Qc7 24. Ne7 Ra5 25. Rc1 Qd6 26. Rc4 f4 27. gxf4 Qxf4
28. Re4 Qf2+ 29. Kh1 Rg5 30. Rc2 Qf7 31. Qc1 Bf6 32. Nc8 Rxg2 33. Nd6 Qd5 34.
Kxg2 Qxd6 35. Qf4 Qd5 36. Kg1 Bg7 37. Qg3 Bf5 38. Re7 Bg6 39. Rg2 Qc5 40. Rc7
Qh5 41. Rf2 Rg8 42. Rxg7 Kxg7 43. Qf4 h6 44. h4 Kh7 45. Kh2 Qd5 46. Rg2 Rg7 47.
Qf6 Qd7 48. Rg3 Bxd3 49. Rxd3 Qc7+ 50. Kh3 Qc8+ 51. Kh2 Qc2+ 0-1

[Event "2BLO 1718 Bindlach-Aktionär - BCA Augs"]
[Site "?"]
[Date "2017.11.11"]
[Round "3.3"]
[White "Prusikin, Michael"]
[Black "Neuman, Petr"]
[Result "0-1"]
[WhiteElo "2526"]
[BlackElo "2440"]
[PlyCount "100"]
[EventDate "2017.??.??"]

1. e4 c6 2. d4 d5 3. e5 Bf5 4. h4 h6 5. g4 Be4 6. f3 Bh7 7. Bd3 Bxd3 8. Qxd3 e6
9. h5 c5 10. c3 Nc6 11. Ne2 Qb6 12. f4 Rc8 13. dxc5 Bxc5 14. Nd2 a5 15. Nb3
Bf2+ 16. Kf1 Qa7 17. Kg2 Nge7 18. Bd2 a4 19. Nbd4 Bxd4 20. cxd4 Qa6 21. Qxa6
bxa6 22. Rh3 Na7 23. Rc3 Kd7 24. Rac1 Nb5 25. Rxc8 Nxc8 26. Nc3 Nxc3 27. Rxc3
Na7 28. Ra3 Rc8 29. Bb4 Rc4 30. Bf8 Nb5 31. Rd3 Rc2+ 32. Kh3 Rxb2 33. Bxg7 Rxa2
34. g5 Rb2 35. gxh6 Rb3 36. h7 Rxd3+ 37. Kg4 a3 38. h8=Q a2 39. Bf6 a1=Q 40.
Qd8+ Kc6 41. Qa8+ Kc7 42. Qd8+ Kb7 43. Qe7+ Kb6 44. Qd8+ Nc7 45. Qd6+ Kb5 46.
Qc5+ Ka4 47. Qc2+ Rb3 48. Qc6+ Ka3 49. Be7+ Kb2 50. Kg5 Nb5 0-1